000 00598nam a2200229Ia 4500
005 20260429112101.0
008 260429s9999||||xx |||||||||||||| ||und||
020 _a9781032843322
041 _aEnglish
082 _a302
_bDEB
100 _aDeb, Sibnath
245 0 _aSocial psychology :
_btheories and applications /
_cSibnath Deb
250 _a1st ed.
260 _aLondon :
_bRoutledge,
_c2024.
300 _axvi, 420 p.; pbk
650 _a Social
650 _aPsychology
700 _a Deb, Shayana
700 _a Gireesan, Anjali
700 _a Prabhavalkar, pooja
942 _cTB
999 _c52265
_d52265